00729nam a2200217Ia 4500003000900000008004100009040001600050080001500066100002200081245010400103260003800207300002300245650002900268650003400297650001900331700002500350700002300375942000700398999001500405952009100420IN-BaIIA211028s9999 xx 000 0 eng d cIIA Library a535-1bSMI aSmith, R. A92244 4aThe detection and measurement of infra-red radiationcR. A. Smith, F. E. Jones, and R. P. Chasmar aOxfordbThe Clarendon Pressc1957 a[various pagings.] aInfrared Radiation92895 aLight-Visible Radiation92024 aNASA Thesaurus aChasmar, R. P.93399 aJones, F. E.93400 cBK c1735d1735 00104070aBANbBANcGENd0000-00-00l0o535-1/ SMIp1900r2021-11-05w0000-00-00yBK